| 000 | 00540agm a2200217 4500 | ||
|---|---|---|---|
| 005 | 20170615164825.0 | ||
| 008 | 150507b xxu||||| |||| 00| 0 spa d | ||
| 041 | _aspa | ||
| 082 | _a274 DVD | ||
| 245 | _aParques Nacionales de Costa Rica | ||
| 260 | _aCosta Rica | ||
| 260 | _bMertec | ||
| 260 | _c2002 | ||
| 300 | _a48 minutos | ||
| 650 |
_aCOSTA RICA _943149 |
||
| 650 |
_aPARQUES NACIONALES _9897 |
||
| 650 |
_aBIODIVERSIDAD _91061 |
||
| 650 |
_aFLORA Y FAUNA _928043 |
||
| 650 |
_aÁREAS DE CONSERVACIÓN _91801 |
||
| 942 | _cDVD | ||
| 999 |
_c9567 _d9567 |
||